| 000 | 00982nam a2200301 i 4500 | ||
|---|---|---|---|
| 001 | 11820 | ||
| 003 | KOSZ 005 | ||
| 005 | 20200825115358.0 | ||
| 008 | 081023s1960 pl a f 000 0 pol | ||
| 015 | _aPB 1960/3552 | ||
| 040 |
_aWA N _cKOSZ 005/KK _dKOSZ 005/KK _dKOSZ 005/HR |
||
| 046 | _k1960 | ||
| 080 | _a621.313 | ||
| 080 | _a631 | ||
| 080 | _a614.8 | ||
| 100 | 1 |
_aWolski, Janusz. _eAutor. |
|
| 245 | 1 | 0 |
_aBezpieczne posługiwanie się urządzeniami elektrycznymi na wsi / _cJanusz Wolski. |
| 260 |
_aWarszawa : _bWydawnictwo Związkowe, _c1960. |
||
| 300 |
_a64, [3] s. : _bil. ; _c21 cm. |
||
| 380 | _aKsiążki. | ||
| 388 | _a1901- | ||
| 650 | 4 |
_aElektrotechnika _xurządzenia. |
|
| 650 | 4 | _aMaszyny i narzędzia rolnicze | |
| 650 | 4 | _aBHP | |
| 710 |
_aWydawnictwo Związkowe CRZZ _4pbl. |
||
| 856 |
_uhttp://koha.tu.koszalin.pl/cgi-bin/koha/opac-detail.pl?biblionumber=11820 _yKatalog online BPK |
||
| 942 |
_2UKD _cKS |
||
| 999 |
_c11820 _d11820 |
||